Statistics for Jeopardy #8492

Click here to take the quiz!

General Stats

  • This quiz has been taken 31 times
  • The average score is 9 of 61

Answer Stats

CategoryCashClueAnswer% Correct
FORTUNE 500 FORTUNES$200Despite lackluster sales of the Chevy Bolt, this company had a 2020 value of more than $35 billionGeneral Motors
71%
FORTUNE 500 FORTUNES$400Sales of these, 55% of Apple's total sales, fell 14% in 2019; never fear, the company's still worth $2 trillioniPhones
59%
WORLD GEOGRAPHY$400The Libyan Desert is a portion of this much larger desertthe Sahara
59%
MONOPOLY: SPECIAL EDITIONS$200Instead of income tax, you have to pay a Central Perk Tab in the Monopoly edition based on this TV showFriends
53%
ANNUS HORRIBILIS$400In 1666 the fire that would devastate this city began at the home of the king's baker on Pudding LaneLondon
53%
WORLD GEOGRAPHY$800Greek & Turkish are the principal languages of this Mediterranean island nationCyprus
47%
ANNUS HORRIBILIS$200In 1348 this "colorful" pandemic killed half the population of Florence, Italy & spread through North Africathe Black Death
47%
FORTUNE 500 FORTUNES$800This home improvement retailer with a possessive name is valued in excess of $110 billionLowe\'s
41%
PART OF DARKNESS$200It can be a fairly crucial piece of office furnituredesk
35%
ANNUS HORRIBILIS$600"Black Thursday" saw panic selling on Oct. 24 of this year, leading to "Black Monday" & "Black Tuesday" & dark days in the USA1929
29%
5 BURROS$400This melancholy donkey whose tail is attached by a nail debuted in a 1926 storyEeyore
29%
POLITICAL NICKNAMES$400Jowly Winston Churchill was nicknamed the "British" this, a breed of dog he ownedBulldog
24%
5 BURROS$600In a book by Marguerite Henry, Brighty is a burro who roams the high cliffs of this Arizona landmarkthe Grand Canyon
24%
MONOPOLY: SPECIAL EDITIONS$1000Triforce, hookshot & Hylian shield are tokens in the edition based on this video game franchiseThe Legend of Zelda
24%
MONOPOLY: SPECIAL EDITIONS$800Players need to protect "Baby Yoda" from imperial enemies in Monopoly "Star Wars" this editionThe Mandalorian
24%
ANNUS HORRIBILIS$800In the space of a few weeks in 1912, Robert Falcon Scott's trek to this landmark ended in death, then Titanic sailed into historythe South Pole
24%
ANNUS HORRIBILIS$1000Called "The Civil War's Bloodiest Day", Sept. 17 of this year saw the Battle of Antietam, with 23,000 casualties1862
18%
20th CENTURY ENGLISH$400The 1960s gave us acid rock; the acid was thisLSD
18%
WORLD GEOGRAPHY$1200A 2010 agreement between Russia & this country splits control of the Barents Sea nearly in halfNorway
18%
5 BURROS$200"The Little Donkey" is one of the many tales collected by these brothers in the early 1800sthe Brothers Grimm
18%
FORTUNE 500 FORTUNES$1000This petroleum company abbreviated VLO is VLO'd at more than $22 billionValero
18%
FORTUNE 500 FORTUNES$600O say can you see the $121 billion in revenue of this for-profit health federation that operates Blue Cross & Blue ShieldAnthem
12%
20th CENTURY ENGLISH$800It first meant a movie, then a script for one, then starting in the 1930s was used in Academy Award categoriesa screenplay
12%
DID I MISS ANYTHING?$400He returned to Venice from the East in 1295, having missed the rule of 2 dogesMarco Polo
12%
PART OF DARKNESS$400Became submerged & hit the bottomsank
12%
MONOPOLY: SPECIAL EDITIONS$600In the "Simpsons" edition, properties up for sale include Disco Stu's & this convenience storethe Kwik-E-Mart
12%
DID I MISS ANYTHING?$1200Japanese soldier Hiroo Onoda fought WWII in this country until the 1970s, when he left the jungle & surrendered to President Marcosthe Philippines
12%
NEW YORK CITY$400Take a selfie with the Statue of Liberty aboard this 25-minute ride to the St. George Terminal across New York Harborthe Staten Island Ferry
12%
NEW YORK CITY$600thrillist.com named this Brooklyn "burg" the world's No. 1 hipster neighborhoodWilliamsburg
12%
20th CENTURY ENGLISH$1200Hyphenated word for someone with an outdated view on the shape of our planeta flat-Earther
6%
DID I MISS ANYTHING?$800For union activism, George Loveless was sent from his English village to this distant place in 1834, but in 1837 was able to returnAustralia
6%
HISTORICAL FIGURES ON FILM$20001979: Malcolm McDowell as this depraved Roman rulerCaligula
6%
20th CENTURY ENGLISH$1600Muriel Dowding started the cosmetics company Beauty Without this, helping inspire the adjective this-freeCruelty
6%
"F" IN SCIENCE$400It's part of a flower's stamen, or a thin wire inside a light bulbfilament
6%
HISTORICAL FIGURES ON FILM$8002006: this actor as Idi AminForest Whitaker
6%
"F" IN SCIENCE$800CH2O is the chemical formula for this strong-smelling gas used in preservativesformaldehyde
6%
HISTORICAL FIGURES ON FILM$4002019: Cynthia Erivo as this "conductor"Harriet Tubman
6%
WORLD GEOGRAPHY$2000The alliterative lion of this Swiss city commemorates Swiss Guards who died in the French RevolutionLucerne
6%
PART OF DARKNESS$600Elated or eager, or more California colloquially... really cool, dude!rad
6%
POLITICAL NICKNAMES$800In 2019 Lori Lightfoot took over as mayor of Chicago from this man, "Rahmbo"Rahm Emanuel
6%
PART OF DARKNESS$1000To tear clothing in angerrend
6%
HISTORICAL FIGURES ON FILM$12002018: this actress as the doomed Mary, Queen of ScotsSaoirse Ronan
6%
NEW YORK CITY$800Keens Steakhouse displays thousands of clay pipes used by patrons like Buffalo Bill, Babe Ruth & this Rough Rider & N.Y. nativeTeddy Roosevelt
6%
WORLD GEOGRAPHY$1600Around 1979 this Mexican state on the Pacific dropped "Norte" from its nameBaja
0%
5 BURROS$800In the book of Numbers, both an angel & the animal itself ask this man why he's beating up on his donkeyBalaam
0%
"F" IN SCIENCE$1600About 60% of the Earth's crust is made up of this group of glassy mineralsfeldspar
0%
HISTORICAL FIGURES ON FILM$16002020: Charles Dance as this tycoon in "Mank"Hearst
0%
MONOPOLY: SPECIAL EDITIONS$400You might land on Bike Share or Week-Long Meditation Retreat in "Monopoly for" these folks born between 1981 & 1996Mililennials
0%
DID I MISS ANYTHING?$2000Bronislaw Malinowski did anthropological fieldwork for 2 years near this 2nd largest island, but WWI was still on when he was doneNew Guinea
0%
5 BURROS$1000In "A Midsummer Night's Dream", the mischievous Puck gives this poor weaver the head of an ass(Nick) Bottom
0%
POLITICAL NICKNAMES$1200"Snarlin' Arlen" was the nickname of Arlen Specter, a long-time senator from this statePennsylvania
0%
POLITICAL NICKNAMES$2000Harkening back to the Ottoman Empire, "Sultan" is the nickname critics have given this current head of statePresident Erdoğan or Turkey
0%
"F" IN SCIENCE$2000In the 1940s he developed an improved theory of quantum electrodynamicsRichard Feynman
0%
DID I MISS ANYTHING?$1600Maybe worried he'd been forgotten, on his return to England after a long time crusading, he had himself re-crowned in 1194Richard I (Lionheart)
0%
NEW YORK CITY$1000You can hitch a ride or just take a bus to this Queens beach, New York City's only legal surfing spotRockaway
0%
PART OF DARKNESS$800Prince Buster was a star in this Jamaican music styleska
0%
20th CENTURY ENGLISH$2000Coined around 1960, it's the dull, conformist town where the opposites of beatniks & hippies liveSquaresville
0%
POLITICAL NICKNAMES$1600This senator remembered in history for a series of debates was nicknamed "The Little Giant"(Stephen A.) Douglas
0%
"F" IN SCIENCE$1200The lowest temperature at which the vapor of a combustible liquid may briefly ignite is called thisthe flash point
0%
NEW YORK CITY$200Gary Muhrcke, winner of the 1st race up 1,576 stairs of the Empire State Bldg. in 1978, was also the 1st to win this NYC event in 1970the New York City Marathon
0%
CONTEMPORARY AUTHORSN/AHe has studied Cordon Bleu cooking, but is known for his 1981 creation of a character with unconventional taste in cuisineThomas Harris
0%

Score Distribution

Percentile by Number Answered

Percent of People with Each Score

Your Score History

You have not taken this quiz